| 000 | 00397cam a2200169ua 4500 | ||
|---|---|---|---|
| 020 | _cRs.1.25 | ||
| 041 |
_amal _h |
||
| 082 |
_a894.8127 _bKIZ/EL |
||
| 100 | _aKIzhakkemuri, D C . | ||
| 245 | _aElivanam | ||
| 260 |
_aKottayam : _bSahithyapravarthaka co-operative society ltd , _c1960. |
||
| 300 | _a102 ; . | ||
| 365 | _aRs.1.25 | ||
| 504 | _a | ||
| 942 | _cBK | ||
| 999 |
_c436 _d436 |
||